| 000 | 00687nam a22002177a 4500 | ||
|---|---|---|---|
| 005 | 20140710141343.0 | ||
| 008 | 140710b2001 xxu||||| |||| 00| 0 eng d | ||
| 020 | _a1569734585 | ||
| 041 | _aeng | ||
| 044 | _axxu | ||
| 082 | 0 | 4 |
_a577.5 _bB95p |
| 245 | 0 | 0 |
_aPilot analysis of global ecosystems : _bcoastal ecosystems / |
| 246 | 3 | _aCoastal ecosystems | |
| 260 |
_aWashington, D.C _bWorld Resources Institute _cc2001 |
||
| 300 |
_a93 p. _bil. (col), mapas _c28 cm. |
||
| 504 | _aIncluye referencias bibliográficas (pag. 71-77). | ||
| 650 |
_aCoastal ecology. _924822 |
||
| 700 | 1 |
_aBurke, Lauretta Marie. _924823 |
|
| 710 | 1 |
_aWorld Resources Institute. _93765 |
|
| 942 |
_2ddc _cImpreso |
||
| 999 |
_c8539 _d8539 |
||